Diccionario biográfico del clero secular chileno 1918-1969
Збережено в:
| Автор: | |
|---|---|
| Формат: | Книга |
| Мова: | Іспанська |
| Опубліковано: |
Santiago
Neupert
1969
|
| Предмети: | |
| Теги: |
Додати тег
Немає тегів, Будьте першим, хто поставить тег для цього запису!
|
MARC
| LEADER | 00000nam a2200000 a 4500 | ||
|---|---|---|---|
| 001 | UCL4459 | ||
| 003 | CL-VaPUC | ||
| 008 | 040116e19690000CL |||||||||||||||||spa|d | ||
| 082 | 0 | 4 | |a 920.003 |b ARA |2 21 |
| 100 | 0 | |a Arancibia Salcedo, Raymundo |e author |9 481979 | |
| 245 | 1 | 0 | |a Diccionario biográfico del clero secular chileno 1918-1969 |
| 300 | |a 262 p | ||
| 942 | |c BK | ||
| 945 | |d 20040116 00:00:00 |a vberengu | ||
| 260 | |a Santiago |b Neupert |c 1969 | ||
| 650 | 0 | |a Biografías |9 255210 | |
| 650 | 0 | |a Diccionarios |9 256200 | |
| 650 | 0 | |a Clero secular |9 433056 | |
| 651 | 7 | |a CHILE |2 CL-VaPUC |9 481980 | |
| 583 | |a last modification |c 20040116 00:00:00 |k Rodrigo Vera | ||
| 999 | |c 307288 |d 307286 | ||
| 952 | |0 0 |1 0 |2 ddc |4 0 |6 920_003000000000000_ARA_1969 |7 0 |8 F |9 373083 |a BIBTEO |b BIBTEO |d 2019-11-21 |i 2102455 |l 2 |o 920.003 ARA 1969 |p 2102455 |r 2025-01-17 |s 2023-03-23 |w 2019-11-21 |y BK_F |k ICR | ||